[Event "St Petersburg Korchnoi Memorial op"]
[Site "St Petersburg"]
[Date "2024.08.22"]
[Round "9"]
[White "Gagarinov, Miroslav"]
[Black "Fedorov, Vladimir3"]
[Result "1-0"]
[WhiteElo "1513"]
[BlackElo "1597"]
[PlyCount "91"]
[EventDate "2024.08.17"]
[EventType "swiss"]
[EventRounds "9"]
[EventCountry "RUS"]
[SourceTitle "EXT 2025"]
[Source "ChessBase"]
[SourceDate "2024.10.14"]
[SourceVersion "1"]
[SourceVersionDate "2024.10.14"]
[SourceQuality "1"]

1. e4 c6 2. d4 d5 3. e5 Bf5 4. h4 h5 5. Nf3 e6 6. Be2 Bg4 7. c3 Be7 8. Nbd2 Nh6 9. g3 Nd7 10. Nh2 Bxe2 11. Qxe2 Nf5 12. Nhf3 Qc7 13. Nf1 0-0-0 14. Ne3 Nxe3 15. Bxe3 g6 16. Ng5 Bxg5 17. hxg5 Rh7 18. Kf1 Qa5 19. Kg2 Qb5 20. Qxb5 cxb5 21. Rh4 Nb6 22. Rah1 Nc4 23. Bc1 a5 24. g4 Rhh8 25. b3 Nb6 26. Ba3 Kd7 27. gxh5 gxh5 28. Kf1 a4 29. Bc5 Nc8 30. bxa4 bxa4 31. Ke2 Ne7 32. Bxe7 Kxe7 33. Rb1 Rb8 34. Rb6 Kd7 35. Rd6+ Kc7 36. f4 b5 37. a3 Rb6 38. Rxb6 Kxb6 39. Kf2 b4 40. cxb4 Kb5 41. f5 exf5 42. Kf3 Kc4 43. Kf4 Kxd4 44. Kxf5+ Kc3 45. g6 fxg6+ 46. Kxg6 1-0

[Event "St Petersburg Korchnoi Memorial op"]
[Site "St Petersburg"]
[Date "2024.08.20"]
[Round "6"]
[White "Khanmamedli, Tamerlan"]
[Black "Gagarinov, Miroslav"]
[Result "1/2-1/2"]
[WhiteElo "1731"]
[BlackElo "1513"]
[PlyCount "72"]
[EventDate "2024.08.17"]
[EventType "swiss"]
[EventRounds "9"]
[EventCountry "RUS"]
[SourceTitle "EXT 2025"]
[Source "ChessBase"]
[SourceDate "2024.10.14"]
[SourceVersion "1"]
[SourceVersionDate "2024.10.14"]
[SourceQuality "1"]

1. e4 e5 2. Nf3 Nc6 3. Bc4 Bc5 4. c3 Nf6 5. d4 exd4 6. e5 d5 7. Bb5 Ne4 8. cxd4 Bb6 9. Nc3 Bg4 10. Be3 0-0 11. h3 Bh5 12. Qc2 Bg6 13. Qb3 Ne7 14. 0-0 c6 15. Bd3 h6 16. Qc2 Nxc3 17. Qxc3 Rc8 18. b4 Qd7 19. Rfe1 Bxd3 20. Qxd3 Qf5 21. Qxf5 Nxf5 22. Rab1 Rfe8 23. g4 Nxe3 24. Rxe3 Bd8 25. Rbe1 Re6 26. Kg2 Be7 27. Kg3 Ra8 28. Rb1 a6 29. Nd2 g5 30. a3 a5 31. bxa5 Rxa5 32. Rxb7 Rxa3 33. Rxa3 Bxa3 34. Nb3 f6 35. f4 gxf4+ 36. Kxf4 Re7 1/2-1/2

[Event "St Petersburg Korchnoi Memorial op"]
[Site "St Petersburg"]
[Date "2024.08.18"]
[Round "4"]
[White "Marchenko, Daria1"]
[Black "Gagarinov, Miroslav"]
[Result "0-1"]
[WhiteElo "1667"]
[BlackElo "1513"]
[PlyCount "124"]
[EventDate "2024.08.17"]
[EventType "swiss"]
[EventRounds "9"]
[EventCountry "RUS"]
[SourceTitle "CBM 221 Extra"]
[Source "ChessBase"]
[SourceDate "2024.09.30"]
[SourceVersion "1"]
[SourceVersionDate "2024.09.30"]
[SourceQuality "1"]

1. d4 Nf6 2. c4 e6 3. Nc3 d5 4. cxd5 exd5 5. Bg5 Be7 6. e3 0-0 7. Bd3 h6 8. Bf4 c6 9. h3 Bd6 10. Bxd6 Qxd6 11. Nf3 Re8 12. Ne5 Nbd7 13. f4 a6 14. 0-0 c5 15. a4 Qb6 16. Rf2 Kf8 17. a5 Qc7 18. Qf3 Qd6 19. Rd1 b5 20. Bf5 c4 21. e4 dxe4 22. Nxe4 Nxe4 23. Bxe4 Ra7 24. Qh5 Nf6 25. Qf3 Nxe4 26. Qxe4 Kg8 27. Qc6 Qxc6 28. Nxc6 Rc7 29. d5 Bb7 30. Ne5 Rd8 31. d6 Rc5 32. Rfd2 f6 33. Ng6 Be4 34. Ne7+ Kf7 35. Rd4 Bd3 36. b4 Rh5 37. Kh2 g5 38. g4 Rh4 39. f5 Rd7 40. Ng6 Rd8 41. Re1 Re8 42. Rxe8 Kxe8 43. d7+ Kd8 44. Nf8 Bxf5 45. gxf5 Rxd4 46. Ne6+ Kxd7 47. Nxd4 Kd6 48. Kg3 Kd5 49. Nc2 Ke4 50. Kf2 Kd3 51. Ne1+ Kd2 52. Nf3+ Kd1 53. Ke3 c3 54. Nd4 c2 55. Nxc2 Kxc2 56. Kd4 h5 57. Kc5 g4 58. hxg4 hxg4 59. Kb6 g3 60. Kxa6 g2 61. Kxb5 g1Q 62. a6 Qa7 0-1

[Event "St Petersburg Korchnoi Memorial op"]
[Site "St Petersburg"]
[Date "2024.08.17"]
[Round "2"]
[White "Bolshakov, Maxim"]
[Black "Gagarinov, Miroslav"]
[Result "1-0"]
[WhiteElo "1736"]
[BlackElo "1513"]
[PlyCount "75"]
[EventDate "2024.08.17"]
[EventType "swiss"]
[EventRounds "9"]
[EventCountry "RUS"]
[SourceTitle "CBM 221 Extra"]
[Source "ChessBase"]
[SourceDate "2024.09.30"]
[SourceVersion "1"]
[SourceVersionDate "2024.09.30"]
[SourceQuality "1"]

1. e4 e5 2. Nf3 Nc6 3. Bc4 Bc5 4. c3 Nf6 5. d3 d6 6. 0-0 h6 7. b4 Bb6 8. a4 a5 9. b5 Ne7 10. Nbd2 g5 11. Qb3 0-0 12. Re1 Ng6 13. Nf1 Qe7 14. Ng3 Qe8 15. h4 gxh4 16. Nf5 Bxf5 17. exf5 Ne7 18. Bxh6 Nxf5 19. Bxf8 Qxf8 20. Be6 Ne7 21. Bh3 Ng6 22. Qc2 Qg7 23. Kh1 Kh8 24. d4 e4 25. Nh2 d5 26. Qd2 c6 27. Ng4 Nxg4 28. Bxg4 Ne7 29. Qf4 Rg8 30. Bh3 Ng6 31. Qg5 Rf8 32. Qf5 Rd8 33. bxc6 bxc6 34. Rab1 Rb8 35. Rb3 Bc7 36. Rxb8+ Bxb8 37. Rb1 Bf4 38. Rb6 1-0

[Event "St Petersburg Korchnoi Memorial op"]
[Site "St Petersburg"]
[Date "2024.08.17"]
[Round "1"]
[White "Gagarinov, Miroslav"]
[Black "Tomsky, Vladislav"]
[Result "0-1"]
[WhiteElo "1513"]
[BlackElo "1888"]
[PlyCount "96"]
[EventDate "2024.08.17"]
[EventType "swiss"]
[EventRounds "9"]
[EventCountry "RUS"]
[SourceTitle "CBM 221 Extra"]
[Source "ChessBase"]
[SourceDate "2024.09.30"]
[SourceVersion "1"]
[SourceVersionDate "2024.09.30"]
[SourceQuality "1"]

1. d4 d5 2. c4 c6 3. Nf3 Nf6 4. Nc3 dxc4 5. a4 Bf5 6. Ne5 e6 7. Nxc4 Bb4 8. e3 Nbd7 9. Bd3 Bxd3 10. Qxd3 0-0 11. 0-0 Qe7 12. Na2 Bd6 13. Nxd6 Qxd6 14. Rd1 Rfd8 15. b4 e5 16. f3 Nb6 17. a5 Nbd5 18. Ba3 Qe6 19. dxe5 Qxe5 20. e4 Nc7 21. Qxd8+ Rxd8 22. Rxd8+ Nfe8 23. Rad1 h6 24. R8d2 Ne6 25. Bb2 Qg5 26. Kf2 c5 27. Rd5 Qh4+ 28. Kg1 Qf4 29. R5d3 cxb4 30. Nxb4 Qc7 31. Nd5 Qxa5 32. Bc3 Qb5 33. R3d2 N8c7 34. Nxc7 Qc5+ 35. Kh1 Qxc7 36. Bd4 b5 37. Bb2 a5 38. Rd7 Qb6 39. Bd4 Nxd4 40. R7xd4 b4 41. Rd8+ Kh7 42. R8d6 Qc5 43. R6d5 Qc2 44. R5d2 Qa4 45. Rd4 Qa3 46. h3 b3 47. Rd7 b2 48. Rb7 Qa1 0-1